| Tag |
First Indicator |
Second Indicator |
Subfields |
| LEADER |
00000ccm a2200000Ia 4500 |
| 001 |
in00001662425 |
| 005 |
20151024122412.0 |
| 008 |
830427s1917 mausga n eng d |
| 028 |
2 |
2 |
|a B. M. Co. 5505
|b The Boston Music Co.
|
| 035 |
|
|
|a (OCoLC)ocm09456366
|
| 040 |
|
|
|a IOG
|c IOG
|d TXA
|d UtOrBLW
|
| 048 |
|
|
|a vh01
|a ka01
|
| 049 |
|
|
|a TXAM
|
| 090 |
|
|
|a M1620.S565
|b S58 1915
|
| 100 |
1 |
|
|a Sinding, Christian,
|d 1856-1941.
|
| 240 |
1 |
0 |
|a Songs.
|k Selections
|
| 245 |
1 |
0 |
|a Six songs :
|b for medium voice /
|c by Christian Sinding.
|
| 264 |
|
1 |
|a Boston :
|b The Boston Music Company,
|c [1917]
|
| 264 |
|
4 |
|c ©1917
|
| 300 |
|
|
|a 1 score (19 pages) ;
|c 29 cm.
|
| 336 |
|
|
|a notated music
|b ntm
|2 rdacontent
|
| 337 |
|
|
|a unmediated
|b n
|2 rdamedia
|
| 338 |
|
|
|a volume
|b nc
|2 rdacarrier
|
| 490 |
1 |
|
|a The Boston Music Company edition
|
| 505 |
0 |
|
|a 1. Sylvelin -- 2. The maiden went where poppies grow -- 3. Holy Mother, sweet and mild -- 4. Light -- 5. Come to us with songs of glee -- 6. To voice my thoughts.
|
| 536 |
|
|
|a Gift from the library of Frank and Elizabeth Coulter, December, 1999.
|
| 650 |
|
0 |
|a Songs (Medium voice) with piano.
|
| 830 |
|
0 |
|a Boston Music Company edition.
|
| 994 |
|
|
|a E0
|b TXA
|
| 948 |
|
|
|a cataloged
|b h
|c 2002/3/25
|d c
|e bhartsfi
|f 4:36:28 pm
|
| 999 |
|
|
|a MARS
|
| 999 |
f |
f |
|s 4754dde6-f1d6-334c-a7eb-54cea3325edd
|i a92b7d87-56e4-3fd5-b104-bf389a42f418
|t 0
|
| 952 |
f |
f |
|p ric
|a Texas A&M University
|b Rellis Campus
|c Joint Library Facility
|d Remote Storage
|t 0
|e M1620.S565 S58 1915
|f Oversize
|h Library of Congress classification
|i unmediated -- volume
|m A14828700867
|
| 998 |
f |
f |
|a M1620.S565 S58 1915
|t 0
|l Remote Storage
|